Adult continuing education trends 1992-93 : an initial analysis of enrollment trends (Record no. 61986)

MARC details
000 -CABECERA
campo de control de longitud fija 00568nam a2200205 a 4500
005 - FECHA Y HORA DE LA ÚLTIMA TRANSACCIÓN
campo de control 20210219152842.0
008 - ELEMENTOS DE LONGITUD FIJA--INFORMACIÓN GENERAL
campo de control de longitud fija 991125n 000 0 eng u
035 ## - NÚMERO DE CONTROL DEL SISTEMA
Número de control de sistema UPN01000063096
100 ## - ASIENTO PRINCIPAL--NOMBRE PERSONAL
Nombre de persona Powell, Bob
222 ## - TÍTULO CLAVE
Título clave ADULTS LEARNING
245 ## - MENCIÓN DE TÍTULO
Título Adult continuing education trends 1992-93 : an initial analysis of enrollment trends
300 ## - DESCRIPCIÓN FÍSICA
Extensión 118-120
362 ## - FECHAS DE PUBLICACIÓN Y/O DESIGNACIÓN SECUENCIAL
Fecha de publicación y/o designación secuencial 1993 4, No. 5
505 ## - NOTA DE CONTENIDO CON FORMATO PREESTABLECIDO
Nota de contenido con formato Julio 1993
653 0# - TERMINO DE INDIZACION - NO CONTROLADO
Término no controlado CURSOS AISLADOS
653 0# - TERMINO DE INDIZACION - NO CONTROLADO
Término no controlado EDUCACION DE ADULTOS
653 0# - TERMINO DE INDIZACION - NO CONTROLADO
Término no controlado TENDENCIAS EDUCTIVAS
904 ## - ELEMENTOS DE DATOS D LOCAL, LDD (RLIN)
a AC
b 000907
905 ## - TIPO DE MATERIAL
Tipo de material Articulo

No items available.